| 000 | 01122njm a22003017a 4500 | ||
|---|---|---|---|
| 005 | 20100918120820.0 | ||
| 007 | sd ammalaaahaa | ||
| 008 | 100918t xxu||||| |||| 00| 0 hin d | ||
| 028 |
_aECSD. 3079 _bHis Master's Voice |
||
| 035 | _aGR-03670 | ||
| 040 | _aSED/VEN | ||
| 100 |
_920657 _aMoradabadi, Hullarh |
||
| 245 |
_aHullarh ke chutkule part / _h[sound recording] : _cby Hullarah Moradabadi ; Compere by Kammi Tony |
||
| 246 | _aहुल्लढ़ के चुटकुले (हुल्लढ़ मोरादाबादी ) | ||
| 260 |
_aDum Dum India _bHis Master's Voice _c1983 |
||
| 300 |
_a1 sound disc [Gramophone record] : _banalog, 331/3 rpm _c12 in (LP) _fGramophone Record |
||
| 500 | _aBrief Record | ||
| 500 | _aHis Master's Voice | ||
| 500 | _aOrange | ||
| 500 | _aLong Play | ||
| 505 | _aHullrah ke Chutkule part 2 (Hullarh Moradabadi) | ||
| 650 |
_vComic _xExcerpts _zIndia _920658 _aChutkule |
||
| 700 |
_920659 _aTony, Kammi |
||
| 700 | _920660 | ||
| 700 | _920674 | ||
| 942 |
_2ddc _cGR |
||
| 999 |
_c46974 _d46974 |
||